000 01491cam a22004214i 4500
003 PE-LiUPU
005 20250731184548.0
008 150625s r 000 0 d
035 _a(Sirsi) a32677
040 _aPE-LiUPU
_bspa
_cPE-LiUPU
_erda
082 0 4 _a985.008
_bB / 6
_221
100 1 _aSanchez, Luis Alberto,
_eautor.
245 1 3 _aEl Perú: retrato de un pais adolescente.
264 1 _aLima :
_bInca,
_c1987.
336 _atext
_2rdacontent
337 _aunmediated
_2rdamedia
338 _avolume
_2rdacarrier
505 0 _aEl Perú. Retrato de un país adolescente:El cuerpo, el hombre, lasciudades, un país monográfico, el oro y el lodoñ el alma, creadores y rapsodas. - El Perú. Una adolescencia retardada: El país, lagente, las instituciones, la conducta.
526 _aP136
526 _aP135
526 _aP134
526 _aP133
526 _aP144
526 _aP143
526 _aP87
526 _aP35
526 _aP20
526 _aP14
526 _aP10
526 _aP06
650 0 4 _aPerú
_xEnsayos.
910 _a
942 _2ddc
_cBOOK
949 _a985.008 B / 6
_wDEWEY
_c1
_i36613
_lCCODEBUL1
_mBUL
_p00.00
_r0
_sY
_tBOOK
_u2015-06-25
_xBIBLIOTECA
_zUNKNOWN
_0COMPRA
_o.STAFF. Colección General
596 _a1
999 _a985.008 B / 6
_wDEWEY
_c40355
_i36613
_f2021-11-8
_g5
_lCCODEBUL1
_mBUL
_r0
_sY
_tBOOK
_u2015-6-25
_xBIBLIOTECA
_zUNKNOWN
_0COMPRA
_o.STAFF. Colección General
_d40355
980 _81
_gALBERTO SANCHEZ Responsable de Automatización